Вып. 1: 1955; Искусство книги; Моя работа над иллюстрациями к произведениям иностранной классической литературы

Bibliografiske detaljer
Parent link:Искусство книги/ под ред. Д. А. Шмаринова. Вып. 1: 1955.— , 1960-
Sprog:russisk
Udgivet: 1960
TOC:А. Д. Гончаров, Моя работа над иллюстрациями к произведениям иностранной классической литературы;
Fag:
Format: MixedMaterials Bog
KOHA link:https://koha.lib.tpu.ru/cgi-bin/koha/opac-detail.pl?biblionumber=119799

MARC

LEADER 00000nam2a2200000 4500
001 119799
005 20231031124733.0
035 |a (RuTPU)RU\TPU\book\129716 
090 |a 119799 
100 |a 20070806d1960 m y0rusy50 ca 
101 0 |a rus 
102 |a RU 
105 |a a z 000zy 
200 0 |a Вып. 1: 1955 
210 |d 1960 
215 |a 86 с.  |c ил., цв. ил. 
461 1 |0 (RuTPU)RU\TPU\book\129717  |t Искусство книги  |f под ред. Д. А. Шмаринова  |v Вып. 1: 1955  |d 1960- 
464 |t Моя работа над иллюстрациями к произведениям иностранной классической литературы  |f А. Д. Гончаров 
610 1 |a книжная графика 
610 1 |a книжная культура 
610 1 |a книжное искусство 
610 1 |a книжные гравюры 
610 1 |a книжные иллюстраторы 
610 1 |a книжные иллюстрации 
610 1 |a оформление книги 
686 |a Ч611.62  |v LBC/SL-A  |2 rubbk 
801 1 |a RU  |b 63413507  |c 20070806  |g PSBO 
801 2 |a RU  |b 63413507  |c 20221124  |g PSBO 
942 |c BK